000 00315nam a22001337a 4500
008 170323b xxu||||| |||| 00| 0 eng d
020 _a0721612067
041 _aeng
080 _22 ED
_a616.9
100 _a8
101 _aSHM
245 _aINFECTOUS DISEASES AND MEDICAL MICROBIOLOGY
_cBRAUDE.I.A
942 _2udc
_cBK
999 _c8510
_d8510